Statistics for All Hull City Players 2003 - 2023

Click here to take the quiz!

General Stats

  • This quiz has been taken 5 times
  • The average score is 349 of 474

Answer Stats

#PositionAnswer% Correct
10FWAbel Hernández
100%
9FWAbel Hernández
100%
9FWAbel Hernández
100%
9FWAbel Hernández
100%
14FWAdama Diomande
100%
20FWAdama Diomande
100%
25FWAdama Diomande
100%
27MFAhmed Elmohamady
100%
27MFAhmed Elmohamady
100%
27MFAhmed Elmohamady
100%
27MFAhmed Elmohamady
100%
27MFAhmed Elmohamady
100%
4DFAlex Bruce
100%
4DFAlex Bruce
100%
4DFAlex Bruce
100%
28MFAlex Bruce
100%
15DFAlfie Jones
100%
5DFAlfie Jones
100%
5DFAlfie Jones
100%
1GKAllan McGregor
100%
1GKAllan McGregor
100%
1GKAllan McGregor
100%
1GKAllan McGregor
100%
26DFAndrew Robertson
100%
26DFAndrew Robertson
100%
3DFAndrew Robertson
100%
3DFAndy Dawson
100%
3DFAndy Dawson
100%
3DFAndy Dawson
100%
3DFAndy Dawson
100%
3DFAndy Dawson
100%
3DFAndy Dawson
100%
5DFAnthony Gardner
100%
6DFAnthony Gardner
100%
30FWBenjamin Tetteh
100%
1GKBoaz Myhill
100%
1GKBoaz Myhill
100%
1GKBoaz Myhill
100%
21DFBrandon Fleming
100%
21DFBrandon Fleming
100%
21DFBrandon Fleming
100%
21DFBrandon Fleming
100%
21DFBrandon Fleming
100%
3DFCallum Elder
100%
3DFCallum Elder
100%
3DFCallum Elder
100%
26DFCallum Elder
100%
28MFCallum Jones
100%
34MFCallum Jones
100%
6DFCurtis Davies
100%
6DFCurtis Davies
100%
6DFCurtis Davies
100%
6DFCurtis Davies
100%
25FWDaniel Cousin
100%
25FWDaniel Cousin
100%
24MFDavid Livermore
100%
7MFDavid Meyler
100%
31MFDavid Meyler
100%
8MFDavid Meyler
100%
7MFDavid Meyler
100%
7MFDavid Meyler
100%
7MFDavid Meyler
100%
9FWDean Windass
100%
9FWDean Windass
100%
11FWDoğukan Sinik
100%
25FWFraizer Campbell
100%
25FWFraizer Campbell
100%
25FWFraizer Campbell
100%
20MFGeorge Boateng
100%
20MFGeorge Boateng
100%
10MFGeorge Honeyman
100%
10MFGeorge Honeyman
100%
18MFGeorge Honeyman
100%
1GKGeorge Long
100%
12GKGeorge Long
100%
1GKGeorge Long
100%
8MFGreg Docherty
100%
33MFGreg Docherty
100%
8MFGreg Docherty
100%
12DFHarry Maguire
100%
12DFHarry Maguire
100%
5DFHarry Maguire
100%
38MFHarry Wood
100%
4MFIan Ashbee
100%
4MFIan Ashbee
100%
4MFIan Ashbee
100%
4DFJacob Greaves
100%
24DFJacob Greaves
100%
4DFJacob Greaves
100%
14MFJake Livermore
100%
14MFJake Livermore
100%
14MFJake Livermore
100%
14MFJake Livermore
100%
20FWJarrod Bowen
100%
29FWJarrod Bowen
100%
20FWJarrod Bowen
100%
20FWJarrod Bowen
100%
24MFJean Michaël Seri
100%
27MFJimmy Bullard
100%
21MFJimmy Bullard
100%
33MFJimmy Bullard
100%
27FWJosh Magennis
100%
27FWJosh Magennis
100%
27FWJosh Magennis
100%
27FWJoshua King
100%
19FWKeane Lewis-Potter
100%
31FWKeane Lewis-Potter
100%
11FWKeane Lewis-Potter
100%
50MFLazar Marković
100%
2DFLewie Coyle
100%
2DFLewie Coyle
100%
2DFLewie Coyle
100%
2DFLiam Rosenior
100%
30DFLiam Rosenior
100%
2DFLiam Rosenior
100%
2DFLiam Rosenior
100%
2DFLiam Rosenior
100%
7FWMallik Wilks
100%
43FWMallik Wilks
100%
20FWMallik Wilks
100%
7FWMallik Wilks
100%
28FWManucho
100%
35FWMark Cullen
100%
13FWMark Cullen
100%
21FWMark Cullen
100%
23FWMarlon King
100%
1GKMatt Ingram
100%
1GKMatt Ingram
100%
13GKMatt Ingram
100%
13GKMatt Ingram
100%
20MFMatt Smith
100%
12FWMatty Fryatt
100%
12FWMatty Fryatt
100%
12FWMatty Fryatt
100%
12FWMatty Fryatt
100%
21DFMichael Dawson
100%
21DFMichael Dawson
100%
21DFMichael Dawson
100%
21DFMichael Dawson
100%
13GKNathan Baxter
100%
13GKNathan Baxter
100%
8MFNick Barmby
100%
18MFNick Barmby
100%
18MFNick Barmby
100%
8MFNick Barmby
100%
8MFNick Barmby
100%
33FWNick Proschwitz
100%
33FWNick Proschwitz
100%
7MFOzan Tufan
100%
6DFPaul McShane
100%
17DFPaul McShane
100%
15DFPaul McShane
100%
5DFPaul McShane
100%
15DFPaul McShane
100%
15DFPaul McShane
100%
15DFPaul McShane
100%
27MFRegan Slater
100%
18MFRegan Slater
100%
27MFRegan Slater
100%
7MFRichard Garcia
100%
29FWRichard Garcia
100%
14MFRichard Garcia
100%
14MFRichard Garcia
100%
14MFRichard Garcia
100%
30MFRobbie Brady
100%
11MFRobbie Brady
100%
17MFRobbie Brady
100%
11MFRobbie Brady
100%
10MFRobert Koren
100%
10MFRobert Koren
100%
10MFRobert Koren
100%
22MFRobert Koren
100%
16MFRyan Longman
100%
16MFRyan Longman
100%
11MFSam Clucas
100%
11MFSam Clucas
100%
11MFSam Clucas
100%
21FWShane Long
100%
14MFTom Cairney
100%
14MFTom Cairney
100%
14MFTom Cairney
100%
45MFTom Cairney
100%
8MFTom Huddlestone
100%
8MFTom Huddlestone
100%
23MFTom Huddlestone
100%
8MFTom Huddlestone
100%
8MFTom Huddlestone
100%
22FWTyler Smith
100%
22FWTyler Smith
100%
15DFWayne Brown
100%
5DFWayne Brown
100%
31MFWill Atkinson
100%
19MFWill Atkinson
100%
19FWWill Keane
100%
19FWWill Keane
100%
19FWWill Keane
100%
21FWAaron McLean
75%
9FWAaron McLean
75%
9FWAaron McLean
75%
33MFAaron McLean
75%
23DFAbdoulaye Faye
75%
23DFAbdoulaye Faye
75%
10MFAlfred N'Diaye
75%
13DFAndrea Ranocchia
75%
14MFAndy Cannon
75%
14MFAndy Cannon
75%
11MFBryan Hughes
75%
11MFBryan Hughes
75%
9FWCaleb Folan
75%
18FWCaleb Folan
75%
18FWCaleb Folan
75%
18FWCaleb Folan
75%
7FWCraig Fagan
75%
23FWCraig Fagan
75%
7FWCraig Fagan
75%
10FWCraig Fagan
75%
33DFCyrus Christie
75%
28FWDame N'Doye
75%
1GKDavid Marshall
75%
12GKDavid Marshall
75%
23GKDavid Marshall
75%
22MFDean Marney
75%
22MFDean Marney
75%
22MFDean Marney
75%
18FWDieumerci Mbokani
75%
20MFDimitrios Pelkas
75%
16GKEldin Jakupović
75%
16GKEldin Jakupović
75%
1GKEldin Jakupović
75%
16GKEldin Jakupović
75%
16GKEldin Jakupović
75%
15MFEvandro
75%
7MFEvandro
75%
40MFEvandro
75%
29DFFikayo Tomori
75%
25MFGastón Ramírez
75%
18FWGedo
75%
22FWGedo
75%
10MFGeovanni
75%
10MFGeovanni
75%
16MFHakeeb Adelakun
75%
49MFHarry Wilson
75%
41MFHerbie Kane
75%
28DFIbrahima Sonko
75%
36MFJackson Irvine
75%
4MFJackson Irvine
75%
16MFJackson Irvine
75%
5DFJames Chester
75%
5DFJames Chester
75%
5DFJames Chester
75%
16DFJames Chester
75%
5DFJames Chester
75%
8MFJames Harper
75%
16MFJames Harper
75%
15FWJames Scott
75%
11FWJames Scott
75%
44FWJames Scott
75%
29FWJan Vennegoor of Hesselink
75%
44MFJay Jay Okocha
75%
23FWJay Simpson
75%
11FWJay Simpson
75%
11FWJay Simpson
75%
12MFJohn Bostock
75%
23FWKamel Ghilas
75%
11MFKamil Grosicki
75%
7FWKamil Grosicki
75%
14MFKamil Grosicki
75%
17FWKamil Grosicki
75%
2DFKamil Zayatte
75%
24DFKamil Zayatte
75%
24DFKamil Zayatte
75%
17MFKevin Kilbane
75%
17MFKevin Kilbane
75%
11MFKevin Kilbane
75%
37MFLeonardo Lopes
75%
34DFLiam Cooper
75%
35DFLiam Cooper
75%
17DFLiam Cooper
75%
22MFMarkus Henriksen
75%
22MFMarkus Henriksen
75%
22MFMarkus Henriksen
75%
1GKMatt Duke
75%
12GKMatt Duke
75%
12GKMatt Duke
75%
12GKMatt Duke
75%
3DFMaynor Figueroa
75%
3DFMaynor Figueroa
75%
5DFMichael Hector
75%
17MFMohamed Diamé
75%
17MFMohamed Diamé
75%
18FWNikica Jelavić
75%
18FWNikica Jelavić
75%
18FWNikica Jelavić
75%
14FWNouha Dicko
75%
9FWNouha Dicko
75%
9FWNouha Dicko
75%
14DFOmar Elabdellaoui
75%
19FWÓscar Estupiñán
75%
24FWOumar Niasse
75%
10MFRobert Snodgrass
75%
10MFRobert Snodgrass
75%
10MFRobert Snodgrass
75%
13MFRyan France
75%
13MFRyan France
75%
21DFSam Ricketts
75%
21DFSam Ricketts
75%
15MFShaun Maloney
75%
15MFShaun Maloney
75%
24FWSone Aluko
75%
24FWSone Aluko
75%
24FWSone Aluko
75%
24FWSone Aluko
75%
22GKSteve Harper
75%
22GKSteve Harper
75%
19DFSteven Mouyokolo
75%
17DFTodd Kane
75%
9FWTom Eaves
75%
9FWTom Eaves
75%
9FWTom Eaves
75%
35DFTommy Elphick
75%
49MFVaughn Covil
75%
28GKVito Mannone
75%
29GKVito Mannone
75%
20FWYannick Sagbo
75%
20FWYannick Sagbo
75%
1GKAdriano Basso
50%
9FWAllahyar Sayyadmanesh
50%
20FWAllahyar Sayyadmanesh
50%
30FWAmr Zaki
50%
15DFBernard Mendy
50%
15DFBernard Mendy
50%
34FWCalaum Jahraldo-Martin
50%
32MFCameron Stewart
50%
7MFCameron Stewart
50%
7MFCameron Stewart
50%
29FWChris Martin
50%
19FWChuba Akpom
50%
8MFCorry Evans
50%
28MFCorry Evans
50%
8MFCorry Evans
50%
20MFDaniel Crowley
50%
9FWDanny Graham
50%
26FWDavid Amoo
50%
34GKDavid Stockdale
50%
23MFGavin Whyte
50%
17FWGeorge Boyd
50%
17MFGeorge Boyd
50%
37FWGeorge Boyd
50%
32GKHarvey Cartwright
50%
34MFHarvey Vale
50%
34FWHatem Ben Arfa
50%
4DFJack Hobbs
50%
6DFJack Hobbs
50%
6DFJack Hobbs
50%
20MFJamie Devitt
50%
11MFJon Toral
50%
10MFJon Toral
50%
10MFJon Toral
50%
4DFJordy de Wijs
50%
4DFJordy de Wijs
50%
4DFJordy de Wijs
50%
19MFJosh Bowler
50%
12DFJosh Emmanuel
50%
12DFJosh Emmanuel
50%
39FWJosh Hinds
50%
28DFJosh Tymon
50%
6MFKevin Stewart
50%
35MFKevin Stewart
50%
6MFKevin Stewart
50%
25DFMatthew Pennington
50%
24DFMax Clark
50%
6DFMichael Turner
50%
6DFMichael Turner
50%
6DFMichael Turner
50%
2DFMoses Odubajo
50%
2DFNathan Doyle
50%
2DFNathan Doyle
50%
27FWNicky Featherstone
50%
34DFOla Aina
50%
3DFOndřej Mazuch
50%
3DFOndřej Mazuch
50%
4MFPaul McKenna
50%
4MFPaul McKenna
50%
16MFPéter Halmosi
50%
19MFRandell Williams
50%
23MFRandell Williams
50%
5DFReece Burke
50%
5DFReece Burke
50%
5DFReece Burke
50%
6MFRichie Smallwood
50%
6MFRichie Smallwood
50%
16DFRobbie McKenzie
50%
27DFRobbie McKenzie
50%
25MFRyan Mason
50%
15MFRyan Woods
50%
17DFSean McLoughlin
50%
17DFSean McLoughlin
50%
17DFSean McLoughlin
50%
17DFSean McLoughlin
50%
16MFSebastian Larsson
50%
16MFSeyi Olofinjana
50%
30MFSeyi Olofinjana
50%
44MFSeyi Olofinjana
50%
11MFStephen Hunt
50%
10FWStephen McPhee
50%
29MFStephen Quinn
50%
29MFStephen Quinn
50%
29MFStephen Quinn
50%
22MFThomas Mayer
50%
6DFTobias Figueiredo
50%
36FWWill Jarvis
50%
36FWWill Jarvis
50%
35MFXavier Simons
50%
17MFAhmed Fathy
25%
50DFAngus MacDonald
25%
15DFAngus MacDonald
25%
15DFAngus MacDonald
25%
25DFAnthony Gerrard
25%
22GKBen Amos
25%
31FWBilly Chadwick
25%
34GKBrad Guzan
25%
16DFDamien Delaney
25%
26DFDaniel Ayala
25%
8MFDaniel Batty
25%
18MFDaniel Batty
25%
18MFDaniel Batty
25%
8MFDaniel Batty
25%
22FWDele Adebola
25%
2DFEric Lichaj
25%
2DFEric Lichaj
25%
18MFGeorge Moncur
25%
32FWGreg Luer
25%
23FWGreg Luer
25%
20FWHenrik Pedersen
25%
39MFHope Akpan
25%
20MFIsaac Hayden
25%
17MFJames Weir
25%
19DFJoe Dudgeon
25%
19DFJoe Dudgeon
25%
9FWJozy Altidore
25%
36DFLiam Ridgewell
25%
44FWMarcus Forss
25%
11MFMarcus Maddison
25%
13GKMark Oxley
25%
27MFMartin Pusic
25%
42MFMartin Samuelsen
25%
14MFMartin Samuelsen
25%
28MFMax Sheaf
25%
22FWNick Powell
25%
24FWNorbert Balogh
25%
24GKPéter Gulácsi
25%
28FWRowan Vine
25%
3DFRyan Tafazolli
25%
5DFRyan Taylor
25%
26DFSonny Bradley
25%
33MFStelios Giannakopoulos
25%
23DFStephen Kingsley
25%
23DFStephen Kingsley
25%
28DFStephen Kingsley
25%
37MFTijani Belaid
25%
23MFTom Ince
25%
5DFDanny Coles
0%
11MFDavid Milinković
0%
24DFDi'Shon Bernard
0%
41DFJevon Mills
0%
16MFJordan Flores
0%
45MFLiam Walsh
0%
8MFMarc Pugh
0%
28FWMartyn Waghorn
0%
17FWMichael Bridges
0%
10FWNeil Clement
0%
24MFNolberto Solano
0%
5MFSimon Walton
0%
7MFStuart Elliott
0%

Score Distribution

Percentile by Number Answered

Percent of People with Each Score

Your Score History

You have not taken this quiz